000 00566nam a2200169 a 4500
005 20140412111414.0
008 070705s19uu xx 00 eng d
020 _a0-679-88719-9
050 _aER
_bBe35by 1998
100 _aBerenstain, Stan
245 _aThe berenstain bears :
_bBy the sea /
_cStan Berenstain.
260 _aNew York :
_bRandom house,
_c1998.
440 _aStep into reading
520 _aThe bear family goes to the beach, but before they can swim in the ocean there's a lot of work to be done.
650 _aBeaches-fiction
999 _c105791
_d105791